New Zealand Test Cricket Opening Batsmen - Statistics

General Stats
  • This quiz has been taken 427 times
    391 since last reset
  • The average score is 12 of 22
Answer Stats
Hint Answer % Correct
2009-2013 Martin Guptill
83%
2014 Chris Latham
82%
2004-2011 Brendan McCullum
81%
2003-2007 Stephen Fleming
76%
2000-2004 Mark Richardson
65%
2013-2014 Hamish Rutherford
59%
2000-2004 Matthew Sinclair
53%
2006-2014 Peter Fulton
53%
2001-2007 Lou Vincent
52%
1998-2008 Matthew Bell
48%
1996-2003 Matthew Horne
48%
2006 Hamish Marshall
47%
2005 James Marshall
47%
2006-2008 Jamie How
45%
2009-2010 BJ Watling
44%
2005-2008 Craig Cumming
42%
2004-2007 Michael Papps
42%
2008-2011 Tim McIntosh
42%
1995-2000 Craig Spearman
39%
2009 Daniel Flynn
38%
2000-2002 Adam Parore
37%
2008 Aaron Redmond
36%
No matching quizzes found
Score Distribution
Percent of People with Each Score
Percentile by Number Answered
Your Score History
You have not taken this quiz since the last reset